000
00214 a2200097 4500
001
42289
100
_a
Lobley P
245
_a
Making Children's Fancy Dress
260
_a
_b
Faber & Faber
_c
090
_c
26252
_d
26252
942
_a
NUST-CAE
_c
M
_c
18061
999
_c
277362
_d
277362